000 00359nam a2200145Ia 4500
008 230917s9999||||xx |||||||||||||| ||und||
040 _e78883
_aMAIN
041 _aEnglish
082 _a340.115 S64S
100 _aSingh, N K
245 0 _aSocial justice and human rights in Islam
260 _aNew Delhi
_bGyan
_c1998
300 _axi, 291 p.
942 _cBK
999 _c101410
_d101410